Countries in Europe with the highest crime index rate in 2015 quiz - Statistics

General Stats
  • This quiz has been taken 825 times
  • The average score is 13 of 15
Answer Stats
Number Answer % Correct
13 UK
98%
6 France
95%
4 Russia
93%
8 Italy
92%
3 Ukraine
91%
9 Serbia
87%
11 Hungary
82%
5 Ireland
82%
7 Albania
81%
10 Bosnia
81%
14 Belgium
78%
1 Moldova
77%
12 Sweden
77%
15 Lithuania
74%
2 Montenegro
73%
No matching quizzes found
Score Distribution
Percent of People with Each Score
Percentile by Number Answered
Your Score History
You have not taken this quiz